[Event "FB1 1920 SC Bad Königshofen 1957 - SK S"]
[Site "?"]
[Date "2021.09.05"]
[Round "11.6"]
[White "Babiy, Olga"]
[Black "Batsiashvili, Nino"]
[Result "1/2-1/2"]
[WhiteElo "2269"]
[BlackElo "2486"]
[PlyCount "166"]
[EventDate "2021.??.??"]

1. d4 d5 2. Bf4 c5 3. e3 Nc6 4. Nf3 Bg4 5. Nbd2 e6 6. c3 Bd6 7. Qa4 Bxf4 8.
exf4 Bxf3 9. Nxf3 cxd4 10. Bb5 Nge7 11. Nxd4 O-O 12. O-O Qb6 13. Nf3 Rfd8 14.
Rad1 Nf5 15. Rd2 Nd6 16. Bd3 Ne4 17. Re2 f5 18. Qc2 Rac8 19. Qb1 h6 20. g3 Qc5
21. Kg2 b5 22. a3 a5 23. Rc1 Qb6 24. b4 Ra8 25. Qb3 Rdc8 26. h4 axb4 27. axb4
Rc7 28. h5 Rca7 29. Bxe4 fxe4 30. Nh4 Ne7 31. f5 Ra3 32. Qd1 Rd8 33. fxe6 Qxe6
34. Rd2 Qe5 35. Qg4 Rxc3 36. Rxc3 Qxc3 37. Qe6+ Kf8 38. Ra2 Qf6 39. Qg4 Kg8 40.
Ra7 Rf8 41. Qe2 Rf7 42. Rb7 Kh7 43. Rxb5 Qe6 44. Qd1 Qe5 45. Ng6 Qb2 46. Qe1
Qb3 47. Nxe7 Qf3+ 48. Kg1 Rxe7 49. Rxd5 e3 50. Rd4 exf2+ 51. Qxf2 Qxh5 52. Qc2+
g6 53. Qc3 Qe5 54. Rd3 Qe4 55. Qd2 Qf5 56. Qc3 Rf7 57. Rd2 h5 58. Kh2 h4 59.
Qe3 Qg4 60. gxh4 Qxb4 61. Qd4 Qb8+ 62. Qd6 Qb5 63. Qd3 Qh5 64. Qe4 Qc5 65. Qd4
Qc7+ 66. Qd6 Qc4 67. Qd4 Qf1 68. Qe5 Qf3 69. Qg3 Qe4 70. Qg5 Qf3 71. Qg3 Qc6
72. Qe5 Qc1 73. Qe3 Qf1 74. Qg5 Qc1 75. Qe3 Qc4 76. Qd4 Qc8 77. Qd5 Qe8 78. Qd4
Re7 79. Qd6 Qf7 80. Qg3 Qf5 81. Qg5 Qf7 82. Qg3 Re4 83. Rc2 Re7 1/2-1/2

[Event "FB1 1920 SK Lehrte - Rodewischer Schach"]
[Site "?"]
[Date "2021.09.05"]
[Round "11.3"]
[White "Lubbe, Melanie"]
[Black "Hapala, Elisabeth"]
[Result "1-0"]
[WhiteElo "2300"]
[BlackElo "2152"]
[PlyCount "135"]
[EventDate "2021.??.??"]

1. e4 c5 2. Nf3 e6 3. d4 cxd4 4. Nxd4 Nc6 5. Nc3 Qc7 6. Be3 a6 7. Bd3 Nf6 8.
O-O Ne5 9. h3 Bc5 10. Qd2 d6 11. f4 Ng6 12. Qf2 O-O 13. Rae1 e5 14. Nde2 Bxe3
15. Qxe3 exf4 16. Nxf4 Nxf4 17. Rxf4 Be6 18. e5 dxe5 19. Rxf6 gxf6 20. Ne4 Kg7
21. Qg3+ Kh8 22. Qh4 Qb6+ 23. Kh1 Bf5 24. Nxf6 Qd4 25. Qxd4 exd4 26. Bxf5 Kg7
27. Nxh7 Rfe8 28. Rf1 f6 29. Nxf6 Kxf6 30. Bd7+ Kg5 31. Bxe8 Rxe8 32. Rf2 Re1+
33. Kh2 Rb1 34. c3 dxc3 35. bxc3 Rc1 36. Rf3 Ra1 37. Rf2 Rc1 38. Rb2 Rxc3 39.
Rxb7 Rc2 40. a3 Rc3 41. Rg7+ Kf4 42. Rg4+ Kf5 43. Ra4 Rc6 44. h4 Rd6 45. Kh3
Rd3+ 46. g3 Rd6 47. g4+ Kg6 48. h5+ Kg7 49. Ra5 Kh6 50. Kh4 Rc6 51. Rd5 Kg7 52.
Kg5 Rc3 53. h6+ Kh7 54. Rd7+ Kg8 55. Rd6 a5 56. Kg6 Rc8 57. Ra6 a4 58. Rxa4
Rc6+ 59. Kh5 Kh7 60. Ra7+ Kg8 61. a4 Kh8 62. g5 Rc5 63. a5 Kg8 64. a6 Kh8 65.
Rb7 Ra5 66. a7 Kg8 67. Kg4 Ra4+ 68. Kf3 1-0

[Event "FB1 1920 SK Lehrte - Rodewischer Schach"]
[Site "?"]
[Date "2021.09.05"]
[Round "11.4"]
[White "Duessler, Stefanie"]
[Black "Hagarova, Zuzana"]
[Result "1/2-1/2"]
[WhiteElo "2135"]
[BlackElo "2278"]
[PlyCount "87"]
[EventDate "2021.??.??"]

1. e4 c5 2. Nf3 d6 3. d4 cxd4 4. Nxd4 Nf6 5. Nc3 g6 6. Be3 Bg7 7. Be2 O-O 8.
Qd2 Nc6 9. O-O-O Nxd4 10. Bxd4 Be6 11. Kb1 b5 12. Bf3 Rc8 13. Nd5 Bxd5 14. exd5
Rc4 15. Be2 Rxd4 16. Qxd4 Qa5 17. h4 Nd7 18. Qd2 b4 19. Bc4 Qc5 20. Be2 Nb6 21.
Rh3 Na4 22. Rb3 a5 23. h5 Qxf2 24. Bb5 Qxd2 25. Rxd2 Nc5 26. Rh3 Rb8 27. Bc6 a4
28. Re2 Kf8 29. hxg6 hxg6 30. Kc1 f5 31. g4 fxg4 32. Rg3 a3 33. b3 Kf7 34. Rf2+
Bf6 35. Rxg4 Kg7 36. Rh2 g5 37. Kd2 Kg6 38. Ke3 Bc3 39. Rhg2 Bf6 40. R4g3 Rh8
41. Bb5 Rh1 42. Rg1 Rh2 43. R1g2 Rh1 44. Rg1 1/2-1/2

[Event "FB1 1920 SK Lehrte - Rodewischer Schach"]
[Site "?"]
[Date "2021.09.05"]
[Round "11.5"]
[White "Miturova, Magdalena"]
[Black "Zschischang, Marine"]
[Result "1-0"]
[WhiteElo "2219"]
[BlackElo "2070"]
[PlyCount "113"]
[EventDate "2021.??.??"]

1. Nf3 e6 2. g3 d5 3. Bg2 Be7 4. d4 f5 5. c4 Nf6 6. Nc3 c6 7. O-O Nbd7 8. b3
Ne4 9. Nxe4 dxe4 10. Ne1 Bf6 11. Nc2 O-O 12. Bb2 c5 13. Qd2 b6 14. f3 exf3 15.
Bxf3 Rb8 16. Ne3 cxd4 17. Bxd4 Ne5 18. Rad1 Qc7 19. Bh1 Rd8 20. Nc2 Nc6 21. e3
Bb7 22. Qe2 e5 23. Bb2 Ne7 24. e4 Qc5+ 25. Qe3 Bxe4 26. Qxc5 bxc5 27. Bxe4 fxe4
28. Ba3 Rxd1 29. Rxd1 Rc8 30. Ne3 Rc7 31. Kf2 Kf7 32. Nd5 Rc6 33. Nxe7 Bxe7 34.
Rd7 a6 35. Ke3 Ke6 36. Ra7 h5 37. Kxe4 g6 38. Bc1 Bd8 39. Be3 Bc7 40. Ra8 Bd6
41. Rg8 Kf7 42. Kd5 Rb6 43. Rc8 Be7 44. Rc7 Rd6+ 45. Ke4 Rd1 46. Bxc5 Re1+ 47.
Kd5 Rd1+ 48. Kxe5 Re1+ 49. Kd5 Rd1+ 50. Kc6 Rd2 51. Bxe7 Rxh2 52. a4 Ke6 53. b4
Rg2 54. Bd6 Rd2 55. Re7+ Kf5 56. b5 axb5 57. axb5 1-0

[Event "FB1 1920 SK Lehrte - Rodewischer Schach"]
[Site "?"]
[Date "2021.09.05"]
[Round "11.6"]
[White "Manusina, Nicole"]
[Black "Kanakova, Natalie"]
[Result "1-0"]
[WhiteElo "1997"]
[BlackElo "2180"]
[PlyCount "119"]
[EventDate "2021.??.??"]

1. d4 f5 2. c4 Nf6 3. g3 d6 4. Nf3 g6 5. Bg2 Bg7 6. Nc3 O-O 7. O-O Nc6 8. d5
Ne5 9. Nxe5 dxe5 10. e4 f4 11. gxf4 exf4 12. e5 Ng4 13. e6 Ne5 14. Re1 Nxc4 15.
Re4 Nd6 16. Rxf4 b6 17. h4 Rf5 18. Rxf5 gxf5 19. Be3 Bb7 20. Bd4 Qf8 21. Ne2
Rd8 22. Bxg7 Qxg7 23. Qd4 Ne8 24. Qxg7+ Kxg7 25. Nc3 Kf6 26. f4 Nd6 27. Bf3 Nc4
28. Kf2 Nd2 29. Bh1 Ne4+ 30. Bxe4 fxe4 31. Rd1 Kf5 32. Ke3 Rd6 33. Rg1 Bxd5 34.
Rg5+ Kxe6 35. Re5+ Kf7 36. Nxd5 Rd7 37. Kxe4 e6 38. Nc3 Rd2 39. b3 Rc2 40. Kd3
Rh2 41. h5 c6 42. a4 a5 43. Ne4 h6 44. Nd6+ Kf6 45. Nc4 Rh3+ 46. Kc2 b5 47.
axb5 cxb5 48. Rxb5 Rh4 49. Rxa5 Rxf4 50. Rc5 Rh4 51. b4 e5 52. b5 Rh2+ 53. Kd3
Rxh5 54. b6 e4+ 55. Kd4 Rh3 56. b7 Rb3 57. Rc6+ Kf5 58. Rb6 Rd3+ 59. Kc5 e3 60.
b8=Q 1-0

[Event "FB1 1920 SV Medizin Erfurt - SV Weißbla"]
[Site "?"]
[Date "2021.09.05"]
[Round "11.1"]
[White "Cyfka, Karina"]
[Black "Ratay, Meike"]
[Result "1-0"]
[WhiteElo "2405"]
[BlackElo "1984"]
[PlyCount "73"]
[EventDate "2021.??.??"]

1. e4 c5 2. Nf3 d6 3. Bb5+ Nd7 4. Ba4 Ngf6 5. O-O e6 6. Qe2 Be7 7. c4 O-O 8. d4
cxd4 9. Nxd4 Nc5 10. Bc2 e5 11. Nf5 Bxf5 12. exf5 Qc7 13. Nc3 Nfd7 14. Be3 Nb6
15. Rac1 Rfd8 16. Rfd1 a5 17. b3 f6 18. Qf3 Rac8 19. Be4 Nxe4 20. Qxe4 Rd7 21.
g4 h6 22. h4 Kf8 23. Kg2 Rdd8 24. Nb5 Qc6 25. Qxc6 Rxc6 26. Na7 Nd7 27. Nxc6
bxc6 28. Rc2 c5 29. Rcd2 Ke8 30. Rxd6 Bxd6 31. Rxd6 Ra8 32. Rc6 a4 33. Bxc5
Nxc5 34. Rxc5 axb3 35. axb3 Kd7 36. b4 Ra3 37. Ra5 1-0

[Event "FB1 1920 SV Medizin Erfurt - SV Weißbla"]
[Site "?"]
[Date "2021.09.05"]
[Round "11.2"]
[White "Nguyen, Ha Thanh"]
[Black "Jaracz, Barbara"]
[Result "1/2-1/2"]
[WhiteElo "2001"]
[BlackElo "2188"]
[PlyCount "49"]
[EventDate "2021.??.??"]

1. e4 e5 2. Nf3 Nc6 3. Bc4 Bc5 4. c3 Nf6 5. d3 O-O 6. O-O d6 7. Nbd2 a6 8. a4
Ba7 9. Bb3 h6 10. h3 Re8 11. Re1 Be6 12. Nc4 b5 13. Ne3 d5 14. Bc2 Qd7 15. Nh4
dxe4 16. dxe4 Qxd1 17. Rxd1 Rad8 18. Rxd8 Rxd8 19. axb5 axb5 20. Nhf5 Bb6 21.
b4 h5 22. Ra6 g6 23. Ng3 Kg7 24. Ngf1 Rd6 25. Kh2 1/2-1/2

[Event "FB1 1920 SV Medizin Erfurt - SV Weißbla"]
[Site "?"]
[Date "2021.09.05"]
[Round "11.3"]
[White "Schulz, Petra"]
[Black "Reuter, Elisa"]
[Result "1/2-1/2"]
[WhiteElo "1991"]
[BlackElo "1805"]
[PlyCount "108"]
[EventDate "2021.??.??"]

1. e4 c5 2. Nf3 Nc6 3. d4 cxd4 4. Nxd4 g6 5. Nc3 Bg7 6. Be3 Nf6 7. f3 O-O 8.
Bc4 Qb6 9. Bb3 Nxe4 10. Nd5 Qa5+ 11. c3 Nc5 12. Nxc6 dxc6 13. Nxe7+ Kh8 14.
Nxc8 Raxc8 15. O-O Rcd8 16. Qc2 Rfe8 17. Bf2 Nd3 18. Bxf7 Re7 19. Bb3 Nxf2 20.
Qxf2 Red7 21. Rfe1 Qb6 22. Qxb6 axb6 23. Re2 Bf8 24. Kf1 Kg7 25. Bc2 Rd2 26. b4
Rxe2 27. Kxe2 Be7 28. Bd3 Bf6 29. Rc1 Re8+ 30. Be4 Rd8 31. g3 b5 32. Bd3 Re8+
33. Kd2 Bd8 34. Ra1 Bb6 35. a4 bxa4 36. Rxa4 Be3+ 37. Kc2 Rd8 38. Ra1 Bf2 39.
Rf1 Be3 40. f4 Bb6 41. g4 Rd7 42. Rf3 h6 43. f5 gxf5 44. gxf5 Kf6 45. Rh3 Rh7
46. Rh4 Bc7 47. h3 Be5 48. c4 Bd6 49. Kb3 b6 50. c5 bxc5 51. bxc5 Bxc5 52. Rc4
Rb7+ 53. Kc3 Bd6 54. Rxc6 Rc7 1/2-1/2

[Event "FB1 1920 SV Medizin Erfurt - SV Weißbla"]
[Site "?"]
[Date "2021.09.05"]
[Round "11.4"]
[White "Mueller-Ludwig, Kristin"]
[Black "Germann, Heike"]
[Result "1-0"]
[WhiteElo "2062"]
[BlackElo "2007"]
[PlyCount "61"]
[EventDate "2021.??.??"]

1. e4 c5 2. Nf3 Nc6 3. d4 cxd4 4. Nxd4 g6 5. c4 Bg7 6. Be3 Nf6 7. Nc3 O-O 8.
Be2 d6 9. f3 Bd7 10. g4 Rc8 11. Qd2 Ne5 12. b3 a5 13. h4 h5 14. g5 Ne8 15. Nd5
e6 16. Nc3 Nc6 17. Rd1 Qc7 18. Ncb5 Qb8 19. Nxc6 Bxc6 20. Na7 Rd8 21. Qxa5 Rd7
22. Qb6 d5 23. Nxc6 Qg3+ 24. Bf2 Qg2 25. Rg1 Bc3+ 26. Rd2 Bxd2+ 27. Kxd2 dxe4+
28. Ke1 Qh3 29. Ne5 Rd6 30. Qxb7 Qf5 31. Qxe4 1-0

[Event "FB1 1920 SV Medizin Erfurt - SV Weißbla"]
[Site "?"]
[Date "2021.09.05"]
[Round "11.5"]
[White "Just, Anita"]
[Black "Anisheva, Varvara"]
[Result "1/2-1/2"]
[WhiteElo "1925"]
[BlackElo "2075"]
[PlyCount "117"]
[EventDate "2021.??.??"]

1. e4 c5 2. Nf3 g6 3. d4 cxd4 4. Nxd4 Bg7 5. Be3 Nf6 6. Nc3 Nc6 7. Bc4 Qa5 8.
O-O O-O 9. Bb3 d6 10. h3 Bd7 11. f4 Rac8 12. Nd5 Rfe8 13. Qd3 Nxd4 14. Nxf6+
Bxf6 15. Bxd4 Bxd4+ 16. Qxd4 Qc5 17. c3 Be6 18. Rfd1 a6 19. Qxc5 Rxc5 20. Bxe6
fxe6 21. Kf2 e5 22. fxe5 Rxe5 23. Ke3 Rf8 24. Rd2 g5 25. Kd4 Rf4 26. Re1 h5 27.
Ree2 h4 28. c4 Kg7 29. Rd3 g4 30. hxg4 Rxg4 31. Rf3 b5 32. cxb5 axb5 33. a3
Reg5 34. Rff2 Rc5 35. Re3 e5+ 36. Kd3 Rc4 37. Rfe2 Rd4+ 38. Kc3 Rc4+ 39. Kd3
Kf6 40. b3 Rd4+ 41. Kc3 Ke6 42. Kc2 Rf4 43. Kc3 Kf6 44. Rd3 Rdxe4 45. Rxe4 Rxe4
46. Rxd6+ Kf5 47. Rd2 Kg4 48. Kd3 Rf4 49. Ke3 Kg3 50. Rc2 Rf1 51. a4 bxa4 52.
bxa4 Ra1 53. Ke4 Rxa4+ 54. Kxe5 Ra8 55. Kf5 Rg8 56. Rb2 Rf8+ 57. Kg5 Rg8+ 58.
Kf5 Rg7 59. Ra2 1/2-1/2

[Event "FB1 1920 SV Medizin Erfurt - SV Weißbla"]
[Site "?"]
[Date "2021.09.05"]
[Round "11.6"]
[White "Troyke, Doreen"]
[Black "Kluge, Heidemarie"]
[Result "0-1"]
[WhiteElo "2011"]
[BlackElo "1915"]
[PlyCount "76"]
[EventDate "2021.??.??"]

1. c4 c5 2. g3 Nc6 3. Bg2 g6 4. Nf3 Bg7 5. O-O e6 6. d3 Nge7 7. Nbd2 O-O 8. Rb1
Rb8 9. a3 b5 10. b3 d5 11. Qc2 Nd4 12. Nxd4 cxd4 13. c5 b4 14. axb4 Rxb4 15.
Ba3 Rb5 16. b4 a5 17. bxa5 Rxa5 18. Bb4 Ra6 19. Ra1 Nc6 20. Ba3 Qc7 21. Rfb1
Bd7 22. Nb3 Rfa8 23. Bc1 Rxa1 24. Nxa1 Na7 25. Bf4 Qc8 26. e4 Nb5 27. Re1 Nc3
28. exd5 Ra2 29. Qb3 Qxc5 30. dxe6 Bxe6 31. Qb8+ Qf8 32. Qc7 Ne2+ 33. Kh1 Nxf4
34. Qxf4 Qa3 35. Qb8+ Bf8 36. Qb1 Rxf2 37. Rf1 Rb2 38. Qd1 Qa2 0-1